Statistiche per Comuni della provincia di Bergamo

Clicka qui per fare il quiz!

Statistiche generali

  • Questo quiz è stato fatto 1.341 volte
  • Il punteggio medio è 118 su 242

Risposte nella Mappa

Le risposte nella mappa del quiz sottostante sono codificate secondo una scala di colori dal rosso al verde in base alla % di persone che hanno risposto correttamente.
 

Statistiche sulle risposte

Risposta% Corretto
BERGAMO
96%
TREVIGLIO
84%
SERIATE
83%
ALBINO
81%
DALMINE
81%
BREMBATE
78%
ALME'
77%
CLUSONE
76%
ORIO AL SERIO
76%
ALZANO LOMBARDO
75%
CURNO
75%
SAN PELLEGRINO TERME
74%
NEMBRO
73%
CARAVAGGIO
72%
OSIO SOTTO
72%
ZOGNO
72%
ROMANO DI LOMBARDIA
71%
VILLA D' ALME'
71%
LOVERE
70%
OSIO SOPRA
70%
PONTE SAN PIETRO
70%
SARNICO
70%
STEZZANO
69%
TORRE BOLDONE
68%
VERDELLO
68%
VERDELLINO
67%
CALCIO
66%
FOPPOLO
66%
RANICA
66%
ZANICA
66%
SCHILPARIO
65%
TREVIOLO
65%
BONATE SOPRA
64%
BONATE SOTTO
64%
GORLE
64%
PONTERANICA
64%
FARA GERA D'ADDA
63%
SCANZOROSCIATE
63%
TRESCORE BALNEARIO
63%
ALBANO SANT'ALESSANDRO
62%
ALMENNO SAN BARTOLOMEO
62%
GRUMELLO DEL MONTE
62%
MARTINENGO
62%
URGNANO
62%
VALBONDIONE
62%
AZZANO SAN PAOLO
61%
CAPRIATE SAN GERVASIO
61%
CENATE SOPRA
61%
COLOGNO AL SERIO
61%
MOZZO
61%
SELVINO
61%
ALMENNO SAN SALVATORE
60%
CALUSCO D'ADDA
60%
CENATE SOTTO
60%
GRASSOBBIO
60%
MAPELLO
60%
SAN GIOVANNI BIANCO
60%
SAN PAOLO D'ARGON
60%
VILLA DI SERIO
60%
CALCINATE
59%
GANDINO
59%
SORISOLE
59%
BREMBATE DI SOPRA
58%
CASTIONE DELLA PRESOLANA
58%
CENE
58%
COSTA VOLPINO
58%
LALLIO
58%
LEFFE
58%
PONTIDA
58%
TALEGGIO
58%
ARCENE
57%
ARDESIO
57%
BOLGARE
57%
BRANZI
57%
CHIUDUNO
57%
CISANO BERGAMASCO
57%
PONTE NOSSA
57%
GHISALBA
56%
VILLONGO
56%
ANTEGNATE
55%
BARIANO
55%
COMUN NUOVO
55%
GAZZANIGA
55%
MOZZANICA
55%
SOVERE
55%
CARONA
54%
COVO
54%
ENDINE GAIANO
54%
ROVETTA
54%
SOTTO IL MONTE GIOVANNI XXIII
54%
VILMINORE DI SCALVE
54%
BRUSAPORTO
53%
CASAZZA
53%
CASTELLI CALEPIO
53%
GORLAGO
53%
SPIRANO
53%
TELGATE
53%
VERTOVA
53%
BAGNATICA
52%
CISERANO
52%
PALOSCO
52%
PEDRENGO
52%
SERINA
52%
BOTTANUCO
51%
CAVERNAGO
51%
SEDRINA
51%
TERNO D'ISOLA
51%
TORRE DE' ROVERI
51%
VILLA D' ADDA
51%
ADRARA SAN MARTINO
50%
CAROBBIO DEGLI ANGELI
50%
ENTRATICO
50%
MORNICO AL SERIO
50%
ONORE
50%
PRESEZZO
50%
VALBREMBO
50%
ADRARA SAN ROCCO
49%
BOLTIERE
49%
CASNIGO
49%
COLERE
49%
GROMO
49%
PARRE
49%
TAVERNOLA BERGAMASCA
49%
VALTORTA
49%
AMBIVERE
48%
BERBENNO
48%
CAPRINO BERGAMASCO
48%
CIVIDATE AL PIANO
48%
LEVATE
48%
LURANO
48%
OLTRE IL COLLE
48%
VILLA D' OGNA
48%
ZANDOBBIO
48%
MONTELLO
47%
PALAZZAGO
47%
PRADALUNGA
47%
DOSSENA
46%
FORESTO SPARSO
46%
ROGNO
46%
RONCOLA
46%
SANT' OMOBONO TERME
46%
CANONICA D'ADDA
45%
COSTA DI MEZZATE
45%
FILAGO
45%
MEDOLAGO
45%
ONETA
45%
PALADINA
45%
RANZANICO
45%
ISSO
44%
PONTIROLO NUOVO
44%
RIVA DI SOLTO
44%
SUISIO
44%
CERETE
43%
CORTENUOVA
43%
PIAZZATORRE
43%
SOLTO COLLINA
43%
GANDOSSO
42%
MADONE
42%
PREDORE
42%
ALGUA
41%
AVIATICO
41%
AZZONE
41%
BRACCA
41%
CASTRO
41%
GORNO
41%
LENNA
41%
MORENGO
41%
TORRE PALLAVICINA
41%
VAL BREMBILLA
41%
CASIRATE D'ADDA
40%
CHIGNOLO D'ISOLA
40%
LOCATELLO
40%
SPINONE AL LAGO
40%
GAVERINA TERME
39%
LUZZANA
39%
MEZZOLDO
39%
MONASTEROLO DEL CASTELLO
39%
PARZANICA
39%
ROTA D'IMAGNA
39%
SOLZA
39%
BORGO DI TERZO
38%
CAPIZZONE
38%
CUSIO
38%
GANDELLINO
38%
GRONE
38%
PAGAZZANO
38%
POGNANO
38%
RONCOBELLO
38%
SONGAVAZZO
38%
BLELLO
37%
BOSSICO
37%
BRIGNANO GERA D'ADDA
37%
COSTA SERINA
37%
CREDARO
37%
PEIA
37%
VALGOGLIO
37%
BERZO SAN FERMO
36%
FONTANELLA
36%
FONTENO
36%
BRUMANO
35%
PIANICO
35%
PIARIO
35%
VIGANO SAN MARTINO
35%
PIAZZA BREMBANA
34%
COSTA VALLE IMAGNA
33%
STROZZA
33%
VIGOLO
33%
OLMO AL BREMBO
32%
OLTRESSENDA ALTA
32%
PREMOLO
31%
BIANZANO
30%
ORNICA
30%
VIADANICA
30%
BEDULITA
29%
COLZATE
29%
VEDESETA
29%
CAMERATA CORNELLO
28%
MOIO DE' CALVI
28%
VALNEGRA
28%
CARVICO
27%
BARBATA
26%
PUMENENGO
26%
VALLEVE
26%
ARZAGO D'ADDA
25%
BARZANA
25%
CALVENZANO
25%
FIORANO AL SERIO
25%
CASTEL ROZZONE
24%
FARA OLIVANA CON SOLA
24%
FORNOVO SAN GIOVANNI
24%
SANTA BRIGIDA
24%
AVERARA
22%
FUIPIANO VALLE IMAGNA
22%
CAZZANO SANT'ANDREA
21%
CORNA IMAGNA
21%
MISANO DI GERA D'ADDA
21%
PIAZZOLO
21%
UBIALE CLANEZZO
21%
CORNALBA
19%
ISOLA DI FONDRA
19%
CASSIGLIO
17%
FINO DEL MONTE
17%

Distribuzione punteggi

Percentile per numero di risposta

Percentuale di utenti per punteggio

I tuoi punteggi nel tempo

Non hai fatto questo quiz